000 00565nam a2200169 i 4500
001 88153
003 ES-MaACL
005 20250823063046.0
007 t|
008 050103s1943 xxk ||||1| eng d
100 1 _aLafuente Ferrari, Enrique,
_d1898-1985
_969538
245 1 4 _aThe paintings and drawings of Velazquez /
_ccomplete edition by Enrique Lafuente.
260 _aLondon, etc. :
_bGeorge Allen and Umvin,
_c[1943] (
_fPhaidon)
300 _a35 p., 152 lám. :
_bil. ;
_c37 cm.
852 _aES-MaACL
_jF-15980
_bR.20735
999 _c88153
_d88153